zpět

Detail výsledku týmu

The Pub Praha 2 ST, Praha

Datum a čas kvízu

42 Celkem bodů Celkový počet nahraných bodů na tomto kvízu bez doplňovacích otázek.
2. Pořadí na kvízu Konečné umístění týmu na tomto kvízu.

Zaznamenané odpovědi

# Otázka Odpověď Body Výsledky
1. Jiří Langmajer, Zdislava Pokor... Hejt není názor 0
2. Britská Sněmovna lordů v pátek... C 1
3. Legendární americký folkový zp... Paul Simon 1
4. Americký Federální úřad pro le... A 1
5. Ze soboty na neděli se v Miami... Carlos Ulberg 1
6. Vaším prvním úkolem v dnešním... 1D 2A 3C 4B 1
7. Poznejte (parodii na) gangster... Někdo to rád horké (Some Like It Hot) 1
8. Italští herci Carlo Pedersoli... Bud Spencer a Terence Hill 1
9. Gangster, na kterého se ptáme,... Jabba Hutt 1
10. Uveďte jméno i příjmení postav... John Wick 1